000 00534cam a2200217ua 4500
001 10463
005 20260515114627.0
008 190226n ii |||gr||||Z||||||asm
020 _a8173394938
040 _cMAIN
041 _aasm
082 _a301
100 _aGunamani Nath,
_eAuthor.
245 _aSamajshastrar chamu parichay (first semester)
250 _a3rd ed.
260 _aDibrugarh:
_bBanalata,
_c2016.
300 _a228p.
653 _aSociology & anthropology
653 _aIntroduction to sociology
942 _cBK
999 _c9439
_d9439